000 00821cam a22002292 4500
001 0000002611
005 20151217151900.0
008 070416s xx 000 0 eng d
020 _a1901095266 :
040 _aKABU
_cKABU
050 0 _aPE1128
_b.A2I58 2004
110 2 _aInternational Association of Teachers of English as a Foreign Language.
_@0000152034
245 1 0 _aIATEFL 38th international conference Liverpool 13-17 April 2004 :
_ced. by Alan Pulverness.
246 3 _aIATEFL 2004 Liverpool conference selections
260 _aCantebury :
_bIATEFL,
_c2004.
300 _a173 p.
650 0 _aEnglish language
_xstudy and teaching
_xForeign Speakers.
_@0000152032
700 1 _aPulverness, Alan.
_@0000152035
908 _a070416
950 _@1
999 _c5939
_d5939